000 01091nam a22003257a 4500
003 CHAP
005 20220329143340.0
008 081029s2007 uk a r 00010 eng d
010 _a95325
011 _a96297
020 _a978 1 85339 634 2
035 _a106945
040 _cCHAP
082 0 4 _a333.0581
_bP16
100 1 _aPain, Adam
_eed.
_984749
245 1 0 _aReconstructing agriculture in Afghanistan
_c/edited by Adam Pain and Jacky Sutton
260 _aWarwickshire, UK :
_bPractical action,
_c2007
300 _a344 p. :
_bilus. ; mapas
590 _aBATCH-UPD
_b10
_c20130110
_lUCH01
_h0531
590 _aBATCH-UPD
_b10
_c20130410
_lUCH01
_h0211
590 _aBATCH-UPD
_b10
_c20130914
_lUCH01
_h0322
590 _aCONVERSION
_b10
_c20130109
_lUCH01
_h1353
650 1 4 _aAgricultura
_xFinanzas
_xPaises subdesarrollados.
_91494
650 1 4 _aAgricultura
_xRegiones áridas.
_91781
650 1 4 _aAgricultura
_zAfganistan.
_91908
700 1 _aSutton, Jacky
_eed.
_9110809
901 _aBK
942 _cLIBRO
949 _a333.0581 P16
_bBC
_cLIBRO
_d33724002064272
_eLIBRO
_h109835
_i106945
_sb
999 _c95325
_d95325